| 000 | 00417pab a2200169 454500 | ||
|---|---|---|---|
| 008 | 180718b1989 xxu||||| |||| 00| 0 eng d | ||
| 100 | _aDimsdale, N.H. | ||
| 245 | _aReal wages and unemployment in Britain during the 1930s | ||
| 260 | _c1989 | ||
| 300 | _a271-92 | ||
| 362 | _aJun. | ||
| 650 | _aWages - U.K. | ||
| 700 | _aN. Horsewood | ||
| 700 | _aS.J. Nickell | ||
| 773 | _aEconomic Journal | ||
| 909 | _a20541 | ||
| 999 |
_c20541 _d20541 |
||